| 000 | 00546nam a22001817a 4500 | ||
|---|---|---|---|
| 003 | NUST - PNEC | ||
| 005 | 20170116181135.0 | ||
| 008 | 151007b xxu||||| |||| 00| 0 eng d | ||
| 020 | _a9693514181 | ||
| 020 | _a9789693514186 | ||
| 040 | _cLIBRARY | ||
| 082 | _a891.4392 MUS | ||
| 100 |
_914261 _aMustansar Hussain Tarar |
||
| 245 |
_aKalash : Wadi-e-kafiristan ka dramai safar nama _cMustansar Hussain Tarar |
||
| 260 |
_aLahore: _bSang-e-Meel Publication, _c2008 |
||
| 650 |
_914263 _aUrdu Literature, Safarnama _xGeneral |
||
| 942 |
_2ddc _cBK |
||
| 999 |
_c70204 _d70204 |
||